[Event "1er tournoi de GMI du C'Chartres Echecs 2020"]
[Site "Chartres, France"]
[Date "2020.09.30"]
[Round "2.1"]
[White "MAURIZZI, Marc Andria"]
[Black "FEDORCHUK, Sergey"]
[Result "1-0"]
[TimeControl "90'+30\""]
[WhiteTitle "IM"]
[BlackTitle "GM"]
[WhiteElo "2433"]
[BlackElo "2615"]

1. d4 {[%clk 01:30:58]} {[%emt 00:00:02]} Nf6 {[%clk 01:30:46]} {[%emt
00:00:13]} 2. c4 {[%clk 01:31:24]} {[%emt 00:00:05]} e6 {[%clk 01:31:01]}
{[%emt 00:00:14]} 3. Nc3 {[%clk 01:31:40]} {[%emt 00:00:15]} Bb4 {[%clk
01:31:15]} {[%emt 00:00:16]} 4. e3 {[%clk 01:31:43]} {[%emt 00:00:27]} O-O
{[%clk 01:29:19]} {[%emt 00:02:26]} 5. Bd2 {[%clk 01:32:10]} {[%emt 00:00:04]}
b6 {[%clk 01:21:38]} {[%emt 00:08:11]} 6. Nf3 {[%clk 01:31:10]} {[%emt
00:01:29]} Bb7 {[%clk 01:09:19]} {[%emt 00:12:50]} 7. Bd3 {[%clk 01:31:35]}
{[%emt 00:00:05]} d5 {[%clk 01:03:42]} {[%emt 00:06:06]} 8. cxd5 {[%clk
01:31:31]} {[%emt 00:00:35]} exd5 {[%clk 01:03:59]} {[%emt 00:00:13]} 9. O-O
{[%clk 01:31:02]} {[%emt 00:00:57]} Re8 {[%clk 01:01:09]} {[%emt 00:03:21]} 10.
Rc1 {[%clk 01:25:54]} {[%emt 00:05:38]} a6 {[%clk 00:58:23]} {[%emt 00:03:16]}
11. Ne5 {[%clk 01:15:44]} {[%emt 00:10:41]} Nbd7 {[%clk 00:36:26]} {[%emt
00:22:26]} 12. a3 {[%clk 01:06:36]} {[%emt 00:09:39]} Bd6 {[%clk 00:30:35]}
{[%emt 00:06:20]} 13. f4 {[%clk 01:06:55]} {[%emt 00:00:11]} c5 {[%clk
00:30:02]} {[%emt 00:01:03]} 14. Qf3 {[%clk 01:04:06]} {[%emt 00:03:19]} b5
{[%clk 00:23:27]} {[%emt 00:07:51]} 15. Qh3 {[%clk 00:59:24]} {[%emt 00:05:12]}
g6 {[%clk 00:10:47]} {[%emt 00:13:11]} 16. Be1 {[%clk 00:57:30]} {[%emt
00:02:22]} cxd4 {[%clk 00:06:18]} {[%emt 00:05:01]} 17. exd4 {[%clk 00:57:42]}
{[%emt 00:00:18]} Nf8 {[%clk 00:06:39]} {[%emt 00:00:09]} 18. Bh4 {[%clk
00:52:31]} {[%emt 00:05:40]} Be7 {[%clk 00:07:01]} {[%emt 00:00:07]} 19. f5
{[%clk 00:52:00]} {[%emt 00:01:02]} Qb6 {[%clk 00:03:48]} {[%emt 00:03:43]} 20.
Ne2 {[%clk 00:38:00]} {[%emt 00:14:30]} Rac8 {[%clk 00:03:09]} {[%emt
00:01:08]} 21. Rce1 {[%clk 00:37:39]} {[%emt 00:00:51]} Rc7 {[%clk 00:00:57]}
{[%emt 00:02:43]} 22. fxg6 {[%clk 00:31:46]} {[%emt 00:06:23]} fxg6 {[%clk
00:01:20]} {[%emt 00:00:07]} 23. Qf3 {[%clk 00:30:09]} {[%emt 00:02:08]} Kg7
{[%clk 00:00:39]} {[%emt 00:01:11]} 24. Nf4 {[%clk 00:29:37]} {[%emt 00:01:02]}
Bd8 {[%clk 00:00:41]} {[%emt 00:00:28]} 25. Kh1 {[%clk 00:26:26]} {[%emt
00:03:41]} Ne4 {[%clk 00:00:49]} {[%emt 00:00:22]} 26. Bxd8 {[%clk 00:25:31]}
{[%emt 00:01:24]} Rxd8 {[%clk 00:01:15]} {[%emt 00:00:03]} 27. Nxd5 {[%clk
00:21:47]} {[%emt 00:04:15]} Bxd5 {[%clk 00:00:40]} {[%emt 00:01:05]} 28. Bxe4
{[%clk 00:22:10]} {[%emt 00:00:07]} Bxe4 29. Rxe4 {[%clk 00:22:39]} Qe6 {[%clk
00:00:31]} {[%emt 00:00:34]} 30. Nc6 {[%clk 00:20:11]} {[%emt 00:02:58]} Qxc6
{[%clk 00:00:35]} {[%emt 00:00:26]} 31. Re7+ {[%clk 00:20:39]} {[%emt
00:00:02]} Rxe7 {[%clk 00:00:37]} {[%emt 00:00:29]} 32. Qxc6 {[%clk 00:21:07]}
{[%emt 00:00:02]} Rxd4 {[%clk 00:00:43]} {[%emt 00:00:24]} 33. Qf6+ {[%clk
00:21:34]} {[%emt 00:00:02]} 1-0

[Event "1er tournoi de GMI du C'Chartres Echecs 2020"]
[Site "Chartres, France"]
[Date "2020.09.30"]
[Round "2.2"]
[White "DARDHA, Daniel"]
[Black "GULIYEV, Namig"]
[Result "1/2-1/2"]
[TimeControl "90'+30\""]
[WhiteTitle "IM"]
[BlackTitle "GM"]
[WhiteElo "2468"]
[BlackElo "2529"]

1. e4 {[%clk 01:30:55]} {[%emt 00:00:04]} e5 {[%clk 01:30:41]} {[%emt
00:00:20]} 2. Nf3 {[%clk 01:31:04]} {[%emt 00:00:21]} Nf6 {[%clk 01:31:05]}
{[%emt 00:00:06]} 3. Nc3 {[%clk 01:31:14]} {[%emt 00:00:21]} Nc6 {[%clk
01:31:03]} {[%emt 00:00:32]} 4. a3 {[%clk 01:30:42]} {[%emt 00:01:02]} Be7
{[%clk 01:30:13]} {[%emt 00:01:20]} 5. d4 {[%clk 01:30:41]} {[%emt 00:00:32]}
d6 {[%clk 01:28:30]} {[%emt 00:02:13]} 6. Bb5 {[%clk 01:28:36]} {[%emt
00:02:34]} exd4 {[%clk 01:28:22]} {[%emt 00:00:38]} 7. Nxd4 {[%clk 01:27:37]}
{[%emt 00:01:29]} Bd7 {[%clk 01:28:42]} {[%emt 00:00:09]} 8. O-O {[%clk
01:25:52]} {[%emt 00:02:15]} Nxd4 {[%clk 01:27:39]} {[%emt 00:01:33]} 9. Bxd7+
{[%clk 01:25:59]} {[%emt 00:00:24]} Qxd7 {[%clk 01:28:01]} {[%emt 00:00:08]} 10.
Qxd4 {[%clk 01:26:25]} {[%emt 00:00:04]} O-O {[%clk 01:28:23]} {[%emt
00:00:08]} 11. h3 {[%clk 01:24:20]} {[%emt 00:02:35]} Rfe8 {[%clk 01:28:26]}
{[%emt 00:00:27]} 12. Bg5 {[%clk 01:24:15]} {[%emt 00:00:35]} h6 {[%clk
01:28:26]} {[%emt 00:00:30]} 13. Bh4 {[%clk 01:20:36]} {[%emt 00:04:09]} Nh5
{[%clk 01:26:03]} {[%emt 00:02:53]} 14. Bxe7 {[%clk 01:20:14]} {[%emt
00:00:52]} Qxe7 {[%clk 01:26:22]} {[%emt 00:00:11]} 15. Rfe1 {[%clk 01:16:36]}
{[%emt 00:04:07]} Nf4 {[%clk 01:24:41]} {[%emt 00:02:11]} 16. Re3 {[%clk
01:07:23]} {[%emt 00:09:44]} Qe5 {[%clk 01:20:10]} {[%emt 00:05:01]} 17. Qd1
{[%clk 01:03:10]} {[%emt 00:04:42]} c6 {[%clk 01:20:12]} {[%emt 00:00:28]} 18.
Qf1 {[%clk 00:59:03]} {[%emt 00:04:37]} 1/2-1/2

[Event "1er tournoi de GMI du C'Chartres Echecs 2020"]
[Site "Chartres, France"]
[Date "2020.09.30"]
[Round "2.3"]
[White "LOISEAU, Quentin"]
[Black "LAMARD, Guillaume"]
[Result "1/2-1/2"]
[TimeControl "90'+30\""]
[WhiteTitle "IM"]
[BlackTitle "IM"]
[WhiteElo "2457"]
[BlackElo "2486"]

1. e4 {[%clk 01:30:42]} {[%emt 00:00:17]} c6 {[%clk 01:30:53]} {[%emt
00:00:08]} 2. d4 {[%clk 01:29:52]} {[%emt 00:01:20]} d5 {[%clk 01:31:19]}
{[%emt 00:00:05]} 3. e5 {[%clk 01:29:15]} {[%emt 00:01:07]} Bf5 {[%clk
01:31:43]} {[%emt 00:00:06]} 4. Nf3 {[%clk 01:29:36]} {[%emt 00:00:09]} e6
{[%clk 01:32:06]} {[%emt 00:00:08]} 5. Be2 {[%clk 01:30:01]} {[%emt 00:00:04]}
Ne7 {[%clk 01:29:36]} {[%emt 00:03:01]} 6. O-O {[%clk 01:30:12]} {[%emt
00:00:18]} h6 {[%clk 01:30:03]} {[%emt 00:00:03]} 7. Nbd2 {[%clk 01:29:59]}
{[%emt 00:00:42]} Nd7 {[%clk 01:30:27]} {[%emt 00:00:07]} 8. Nb3 {[%clk
01:29:40]} {[%emt 00:00:49]} g5 {[%clk 01:30:19]} {[%emt 00:00:38]} 9. Ne1
{[%clk 01:29:24]} {[%emt 00:00:45]} Qc7 {[%clk 01:22:15]} {[%emt 00:08:35]} 10.
Nd3 {[%clk 01:28:21]} {[%emt 00:01:33]} Bg7 {[%clk 01:18:52]} {[%emt 00:03:54]}
11. f4 {[%clk 01:26:48]} {[%emt 00:02:02]} O-O-O {[%clk 01:12:53]} {[%emt
00:06:30]} 12. Nbc5 {[%clk 01:16:47]} {[%emt 00:10:32]} Bxd3 {[%clk 01:04:07]}
{[%emt 00:09:16]} 13. Nxd3 {[%clk 01:10:32]} {[%emt 00:06:45]} Nf5 {[%clk
00:54:17]} {[%emt 00:10:20]} 14. c3 {[%clk 01:09:44]} {[%emt 00:01:17]} f6
{[%clk 00:53:47]} {[%emt 00:01:01]} 15. g4 {[%clk 01:00:13]} {[%emt 00:10:01]}
Nh4 {[%clk 00:51:54]} {[%emt 00:02:24]} 16. Qe1 {[%clk 00:49:37]} {[%emt
00:11:05]} Rde8 {[%clk 00:52:03]} {[%emt 00:00:21]} 17. Qg3 {[%clk 00:47:47]}
{[%emt 00:02:20]} Ng6 {[%clk 00:46:14]} {[%emt 00:06:19]} 18. exf6 {[%clk
00:36:18]} {[%emt 00:12:44]} 1/2-1/2

[Event "1er tournoi de GMI du C'Chartres Echecs 2020"]
[Site "Chartres, France"]
[Date "2020.09.30"]
[Round "2.4"]
[White "DAVID, Alberto"]
[Black "DUBOUE, Peio"]
[Result "1/2-1/2"]
[TimeControl "90'+30\""]
[WhiteTitle "GM"]
[BlackTitle "FM"]
[WhiteElo "2520"]
[BlackElo "2439"]

1. e4 {[%clk 01:30:53]} {[%emt 00:00:06]} e5 {[%clk 01:30:56]} {[%emt
00:00:04]} 2. Nf3 {[%clk 01:31:16]} {[%emt 00:00:06]} Nc6 {[%clk 01:31:24]}
{[%emt 00:00:02]} 3. Bb5 {[%clk 01:31:40]} {[%emt 00:00:06]} g6 {[%clk
01:31:51]} {[%emt 00:00:03]} 4. c3 {[%clk 01:26:52]} {[%emt 00:05:18]} a6
{[%clk 01:32:16]} {[%emt 00:00:05]} 5. Ba4 {[%clk 01:19:44]} {[%emt 00:07:38]}
Bg7 {[%clk 01:32:37]} {[%emt 00:00:08]} 6. d4 {[%clk 01:19:19]} {[%emt
00:00:55]} exd4 {[%clk 01:33:01]} {[%emt 00:00:07]} 7. cxd4 {[%clk 01:19:15]}
{[%emt 00:00:33]} b5 {[%clk 01:33:25]} {[%emt 00:00:06]} 8. Bc2 {[%clk
01:16:44]} {[%emt 00:03:01]} d6 {[%clk 01:30:31]} {[%emt 00:03:24]} 9. d5
{[%clk 01:01:05]} {[%emt 00:16:10]} Nb4 {[%clk 01:28:32]} {[%emt 00:02:29]} 10.
Bb3 {[%clk 00:57:02]} {[%emt 00:04:33]} a5 {[%clk 01:28:57]} {[%emt 00:00:05]}
11. a4 {[%clk 00:54:57]} {[%emt 00:02:35]} Ba6 {[%clk 01:27:28]} {[%emt
00:01:59]} 12. Na3 {[%clk 00:40:43]} {[%emt 00:14:44]} bxa4 {[%clk 01:21:27]}
{[%emt 00:06:31]} 13. Bc4 {[%clk 00:38:43]} {[%emt 00:02:30]} Qd7 {[%clk
01:20:52]} {[%emt 00:01:05]} 14. O-O {[%clk 00:38:24]} {[%emt 00:00:48]} Ne7
{[%clk 01:21:07]} {[%emt 00:00:15]} 15. Bxa6 {[%clk 00:32:44]} {[%emt
00:06:10]} Nxa6 {[%clk 01:20:52]} {[%emt 00:00:45]} 16. Be3 {[%clk 00:32:56]}
{[%emt 00:00:18]} Bxb2 {[%clk 01:19:42]} {[%emt 00:01:40]} 17. Nc4 {[%clk
00:31:03]} {[%emt 00:02:23]} Bg7 {[%clk 01:11:18]} {[%emt 00:08:54]} 18. Rxa4
{[%clk 00:26:59]} {[%emt 00:04:35]} O-O {[%clk 01:11:11]} {[%emt 00:00:37]} 19.
Rxa5 {[%clk 00:25:21]} {[%emt 00:02:09]} Nb4 {[%clk 00:53:34]} {[%emt
00:18:52]} 20. Nd4 {[%clk 00:18:24]} {[%emt 00:07:27]} Rxa5 {[%clk 00:50:39]}
{[%emt 00:03:26]} 21. Nxa5 {[%clk 00:18:48]} {[%emt 00:00:06]} Ra8 {[%clk
00:50:54]} {[%emt 00:00:15]} 22. Nab3 {[%clk 00:18:02]} {[%emt 00:01:16]} c5
{[%clk 00:48:33]} {[%emt 00:02:50]} 23. dxc6 {[%clk 00:18:03]} {[%emt
00:00:30]} Nexc6 {[%clk 00:47:46]} {[%emt 00:01:17]} 24. Nxc6 {[%clk 00:08:10]}
{[%emt 00:10:23]} Qxc6 {[%clk 00:47:52]} {[%emt 00:00:25]} 25. Bd4 {[%clk
00:08:22]} {[%emt 00:00:18]} Qxe4 {[%clk 00:47:09]} {[%emt 00:01:13]} 26. Bxg7
{[%clk 00:08:46]} {[%emt 00:00:06]} Kxg7 {[%clk 00:47:33]} {[%emt 00:00:06]} 27.
Qxd6 {[%clk 00:09:09]} {[%emt 00:00:06]} Ra6 {[%clk 00:45:26]} {[%emt
00:02:38]} 28. Qd4+ {[%clk 00:08:55]} {[%emt 00:00:44]} Qxd4 {[%clk 00:45:50]}
{[%emt 00:00:06]} 1/2-1/2